| 000 | 00765cam a22002413a 4500 | ||
|---|---|---|---|
| 001 | 44998 | ||
| 003 | PGUSA | ||
| 005 | 20140828084028.0 | ||
| 008 | 140224s2014||||xxu|||||s|||||000 | eng d | ||
| 040 |
_aPGUSA _beng |
||
| 042 | _adc | ||
| 100 | 1 | _aBunin, Ivan Alekseyevich | |
| 245 | 1 | 4 |
_aThe Gentleman from San Francisco ; _band, other stories _h[electronic resource] / _cIvan Alekseyevich Bunin |
| 260 |
_bProject Gutenberg, _c2014 |
||
| 506 | _aPublic domain in the USA. | ||
| 516 | _aElectronic text | ||
| 700 | 1 |
_aLawrence, D. H. _q(David Herbert), _d1885-1930 |
|
| 700 | 1 | _aKoteliansky, Samuel Solomonovich | |
| 700 | 1 |
_aWoolf, Leonard, _d1880-1969 |
|
| 830 | 0 |
_aProject Gutenberg _v44998 |
|
| 856 | 4 | 0 | _uhttp://www.gutenberg.org/ebooks/44998 |
| 942 | _cEB | ||
| 999 |
_c274249 _d274249 |
||